Witamy w Bibliotece Naukowej Instytutu Łączności!

Verstaerkerbau mit integrierten Schaltungen / (Rekord nr 14005)

000 -LEADER
fixed length control field 00271 a2200085 4500
100 1# - MAIN ENTRY--PERSONAL NAME
Personal name Wirsum, S..
Relator term Autor
245 0# - TITLE STATEMENT
Title Verstaerkerbau mit integrierten Schaltungen /
Statement of responsibility, etc Wirsum S..
260 ## - PUBLICATION, DISTRIBUTION, ETC. (IMPRINT)
Place of publication, distribution, etc Muenchen :
Name of publisher, distributor, etc Franzis-Verlag,
Date of publication, distribution, etc 1971.
300 ## - PHYSICAL DESCRIPTION
Extent 160 s.;
Dimensions 20 cm.
710 2# - ADDED ENTRY--CORPORATE NAME
Corporate name or jurisdiction name as entry element Franzis-Verlag.
Relator term Wydawca
Relator code pbl
Egzemplarze
Withdrawn status Lost status Source of classification or shelving scheme Damaged status Not for loan Permanent Location Current Location Shelving location Date acquired Cost, normal purchase price Inventory number Full call number Barcode Date last seen Price effective from Koha item type
          Instytut Łączności Instytut Łączności Magazyn 1972-11-26 0.00 27634 27634 27634 2022-08-10 2017-11-30 Książki

Działa dzięki Koha